书目信息 |
| 题名: |
论衡
|
|
| 作者: | 王充, 著 ;邵毅平, 解读 | |
| 分册: | ||
| 出版信息: | 北京 国家图书馆出版社 2019.06 |
|
| 页数: | 407页 | |
| 开本: | 24cm | |
| 丛书名: | 中华传统文化百部经典 | |
| 单 册: | ||
| 中图分类: | B234.82 | |
| 科图分类: | ||
| 主题词: | 古典哲学--gu dian zhe xue--中国--东汉时代 | |
| 电子资源: | ||
| ISBN: | 978-7-5013-6748-1 | |
| 000 | 01143nam 2200313 450 | |
| 001 | CAL 009683097 | |
| 005 | 20190911092102.8 | |
| 010 | @a978-7-5013-6748-1@dCNY54.00 | |
| 100 | @a20190910d2019 em y0chiy50 ea | |
| 101 | 0 | @achi |
| 102 | @aCN@b110000 | |
| 105 | @aa a 000yy | |
| 106 | @ar | |
| 200 | 1 | @a论衡@Alun heng@e节选@f王充著@Fwang chong zhu@g邵毅平解读 |
| 210 | @a北京@c国家图书馆出版社@d2019.06 | |
| 215 | @a407页@c图@d24cm | |
| 225 | 2 | @a中华传统文化百部经典@Azhong hua chuan tong wen hua bai bu jing dian |
| 300 | @a2017年国家社会科学基金重大委托项目 “十三五”国家重点图书出版规划项目 | |
| 320 | @a有书目 (第405-407页) | |
| 330 | @a本书细说微论, 解释世俗之疑, 辨照是非之理, 即以“实”为根据, 疾虚妄之言。“衡”字本义是天平, 《论衡》就是评定当时言论的价值的天平。 | |
| 410 | 0 | @12001 @a中华传统文化百部经典 |
| 586 | @a | |
| 605 | @a论衡@Alun heng@x注释 | |
| 606 | 0 | @a古典哲学@Agu dian zhe xue@y中国@z东汉时代 |
| 690 | @aB234.82@v5 | |
| 701 | 0 | @a王充,@Awang chong@f27-约97@4著 |
| 702 | 0 | @a邵毅平,@Ashao yi ping@f1957-@4解读 |
| 801 | 0 | @aCN@c20190910 |
| 905 | @a河南城建学院图书馆@dB234.82@eW132@f2 | |
| 论衡:节选/王充著/邵毅平解读.-北京:国家图书馆出版社,2019.06 |
| 407页:图;24cm.-(中华传统文化百部经典) |
| 2017年国家社会科学基金重大委托项目 “十三五”国家重点图书出版规划项目 |
| ISBN 978-7-5013-6748-1:CNY54.00 |
| 本书细说微论, 解释世俗之疑, 辨照是非之理, 即以“实”为根据, 疾虚妄之言。“衡”字本义是天平, 《论衡》就是评定当时言论的价值的天平。 |
| ● |
| 相关链接 |
|
|
|
正题名:论衡
索取号:B234.82/W132
 
预约/预借
| 序号 | 登录号 | 条形码 | 馆藏地/架位号 | 状态 | 备注 |
| 1 | 1415247 | 214152478 | 社科库509/509社科库 14排3列3层/ [索取号:B234.82/W132] | 在馆 | |
| 2 | 1415248 | 214152487 | 社科库509/509社科库 14排3列3层/ [索取号:B234.82/W132] | 在馆 |